Coupable de résistance ? : Naser Oric, défenseur de Srebrenica, devant la justice internationale (notice n° 2095510)

détails MARC
000 -LEADER
fixed length control field 01525cam a2200133 4500500
005 - DATE AND TIME OF LATEST TRANSACTION
control field 20260405011527.0
041 ## - LANGUAGE CODE
Language code of text/sound track or separate title fre
042 ## - AUTHENTICATION CODE
Authentication code dc
100 10 - MAIN ENTRY--PERSONAL NAME
Personal name Maison, Rafaëlle
Relator term author
245 00 - TITLE STATEMENT
Title Coupable de résistance ? : Naser Oric, défenseur de Srebrenica, devant la justice internationale
260 ## - PUBLICATION, DISTRIBUTION, ETC.
Name of publisher, distributor, etc. Armand Colin,<br/>
Date of publication, distribution, etc. 2010.<br/>
520 ## - SUMMARY, ETC.
Summary, etc. En juillet 1995, les forces serbes massacrèrent plus de huit mille hommes de l’enclave de Srebrenica sans que les Nations Unies réagissent. Ce massacre est désormais connu. Ce que l’on sait moins, c’est que Naser Oric, symbole de la résistance de Srebrenica, a été poursuivi devant le Tribunal international pour l’ex-Yougoslavie. Après trois années passées dans les prisons de La Haye, il fut – heureusement – acquitté. Rafaëlle Maison décrit le procès de La Haye comme un événement stupéfiant et tragique où la thèse du « seigneur de guerre », avancée par les représentants du procureur international Carla del Ponte et fondée sur les récits mensongers des assaillants serbes, va rapidement s’effondrer. Surtout, les témoins qui se succèdent permettent de comprendre ce que fut le combat des résistants, élus par leurs communautés et accompagnés d’une population réduite à la famine par l’encerclement serbe. Donnant d’abord à entendre leur parole, le livre espère rendre un hommage à ces combattants.
856 41 - ELECTRONIC LOCATION AND ACCESS
Uniform Resource Identifier <a href="https://shs.cairn.info/coupable-de-resistance--9782200353810?lang=fr&redirect-ssocas=7080">https://shs.cairn.info/coupable-de-resistance--9782200353810?lang=fr&redirect-ssocas=7080</a>

Pas d'exemplaire disponible.

PLUDOC

PLUDOC est la plateforme unique et centralisée de gestion des bibliothèques physiques et numériques de Guinée administré par le CEDUST. Elle est la plus grande base de données de ressources documentaires pour les Étudiants, Enseignants chercheurs et Chercheurs de Guinée.

Adresse

627 919 101/664 919 101

25 boulevard du commerce
Kaloum, Conakry, Guinée

Réseaux sociaux

Powered by Netsen Group @ 2025